[Event "-chT Youth Countries 2019"]
[Site "Wuerzburg"]
[Date "2019.10.05"]
[Round "6.3"]
[White "Grund, Sebastian"]
[Black "Jakob, Georg"]
[Result "0-1"]
[WhiteElo "2054"]
[BlackElo "1952"]
[Annotator "NA"]
[PlyCount "80"]
[EventDate "2019.10.02"]
[EventType "team-tourn"]
[EventRounds "7"]
[EventCountry "GER"]
[SourceTitle "playchess.com"]
[Source "ChessBase"]
[SourceQuality "1"]
[WhiteTeam "Thüringen"]
[BlackTeam "Team Süd"]
[TimeControl "40/5400+30:1800+30"]

1. d4 {[%emt 0:00:00]} Nf6 {[%emt 0:00:00]} 2. Nf3 {[%emt 0:00:00]} e6 {[%emt 0:00:00]} 3. c4 {[%emt 0:00:00]} Bb4+ {[%emt 0:00:00]} 4. Bd2 {[%emt 0:00:00]} c5 {[%emt 0:00:00]} 5. Bxb4 {[%emt 0:00:15]} cxb4 {[%emt 0:00:00]} 6. g3 O-O {[%emt 0:00:00]} 7. Bg2 {[%emt 0:00:16]} d6 {[%emt 0:00:05]} 8. O-O {[%emt 0:00:50]} Nc6 {[%emt 0:00:07]} 9. Nbd2 {[%emt 0:00:33]} e5 {[%emt 0:00:17]} 10. d5 {[%emt 0:02:36]} Nb8 {[%emt 0:00:41]} 11. Ne1 {[%emt 0:20:25]} a5 {[%emt 0:03:35]} 12. Nd3 {[%emt 0:02:26]} Na6 {[%emt 0:01:52]} 13. e4 {[%emt 0:03:00]} Nd7 {[%emt 0:05:53]} 14. a3 {[%emt 0:02:38]} Qb6 {[%emt 0:08:00]} 15. Kh1 {[%emt 0:07:56]} Nf6 {[%emt 0:08:35]} 16. Nc5 Nxc5 {[%emt 0:00:40]} 17. f4 {[%emt 0:09:38]} Nd3 {[%emt 0:23:52]} 18. Qe2 {[%emt 0:01:01]} Nxb2 {[%emt 0:01:12]} 19. fxe5 {[%emt 0:06:14]} dxe5 {[%emt 0:01:51]} 20. axb4 {[%emt 0:20:34]} Qxb4 {[%emt 0:02:50]} 21. Rfb1 {[%emt 0:06:58]} Qc3 {[%emt 0:08:31]} 22. Nf3 {[%emt 0:04:32]} Nd3 {[%emt 0:02:29]} 23. Bf1 {[%emt 0:02:14]} Bg4 {[%emt 0:05:42]} 24. Qe3 {[%emt 0:00:25]} Nf2+ {[%emt 0:00:29]} 25. Qxf2 {[%emt 0:00:21]} Bxf3+ {[%emt 0:00:16]} 26. Bg2 {[%emt 0:00:33]} Bxg2+ {[%emt 0:00:33]} 27. Qxg2 {[%emt 0:00:22]} Qxc4 {[%emt 0:00:15]} 28. Rxb7 {[%emt 0:01:01] unterminated} Qd4 {[%emt 0:00:14] unterminated} 29. Rf1 {[%emt 0:00:32]} Rab8 {[%emt 0:02:21]} 30. Rxb8 {[%emt 0:01:43] unterminated} Rxb8 {[%emt 0:00:36]} 31. Qf3 {[%emt 0:00:09] unterminated} Kh8 {[%emt 0:06:34]} 32. Rd1 {[%emt 0:00:55]} Qa4 {[%emt 0:01:55] unterminated} 33. d6 {[%emt 0:01:30]} Qd7 $19 {[%emt 0:01:20]} 34. Qa3 {[%emt 0:01:48]} a4 {[%emt 0:05:55]} 35. Rc1 {[%emt 0:01:51]} h6 {[%emt 0:00:47]} 36. Rd1 {[%emt 0:03:56]} Qg4 {[%emt 0:01:20]} 37. Qd3 {[%emt 0:00:40]} Rb3 {[%emt 0:00:31]} 38. Qd5 {[%emt 0:00:23]} Qf3+ {[%emt 0:00:16]} 39. Kg1 {[%emt 0:00:04] normal} Rb2 {[%emt 0:00:15]} 40. Qa8+ {[%emt 0:01:05]} Kh7 {[%emt 0:00:02] normal} 0-1

[Event "-chT Youth Countries 2019"]
[Site "Wuerzburg"]
[Date "2019.10.05"]
[Round "6.3"]
[White "Popist, Florian"]
[Black "Wu, Leon"]
[Result "1/2-1/2"]
[WhiteElo "2019"]
[BlackElo "2009"]
[Annotator "NA"]
[PlyCount "42"]
[EventDate "2019.10.02"]
[EventType "team-tourn"]
[EventRounds "7"]
[EventCountry "GER"]
[SourceTitle "playchess.com"]
[Source "ChessBase"]
[SourceQuality "1"]
[WhiteTeam "Hamburg/Schleswig-Holstein"]
[BlackTeam "Baden 2"]
[TimeControl "40/5400+30:1800+30"]

1. e4 {[%emt 0:00:00]} e5 {[%emt 0:00:00]} 2. Nf3 {[%emt 0:00:00]} Nc6 {[%emt 0:00:00]} 3. d4 {[%emt 0:00:10]} exd4 {[%emt 0:00:08]} 4. Nxd4 {[%emt 0:00:09]} Bc5 {[%emt 0:00:20]} 5. Nxc6 {[%emt 0:03:03]} Qf6 {[%emt 0:04:06]} 6. Qf3 {[%emt 0:00:10]} bxc6 {[%emt 0:00:23]} 7. Nc3 {[%emt 0:01:42]} Bd4 {[%emt 0:01:14]} 8. Bc4 {[%emt 0:07:43]} d6 {[%emt 0:01:20]} 9. Bg5 {[%emt 0:07:02]} Qxg5 {[%emt 0:08:19]} 10. Qxf7+ {[%emt 0:00:10]} Kd8 {[%emt 0:01:17]} 11. Qf8+ {[%emt 0:00:20]} Kd7 {[%emt 0:01:17]} 12. Bxg8 {[%emt 0:02:51]} Qf6 {[%emt 0:33:14]} 13. Qxf6 {[%emt 0:01:58]} gxf6 {[%emt 0:05:15]} 14. Bb3 {[%emt 0:02:13]} Re8 {[%emt 0:02:02]} 15. f3 {[%emt 0:05:00]} f5 {[%emt 0:04:02]} 16. Kd2 {[%emt 0:03:46]} Bxc3+ {[%emt 0:03:37]} 17. bxc3 {[%emt 0:04:35]} fxe4 {[%emt 0:00:18]} 18. fxe4 {[%emt 0:00:04]} Rxe4 {[%emt 0:01:09]} 19. Rae1 {[%emt 0:00:58]} Rxe1 {[%emt 0:01:01]} 20. Rxe1 {[%emt 0:00:08]} d5 {[%emt 0:02:04]} 21. c4 {[%emt 0:07:34]} Kd6 {[%emt 0:00:36] normal} 1/2-1/2

[Event "-chT Youth Countries 2019"]
[Site "Wuerzburg"]
[Date "2019.10.05"]
[Round "6.4"]
[White "Hommer, Jeremy"]
[Black "Deuer, Marius"]
[Result "1/2-1/2"]
[WhiteElo "2133"]
[BlackElo "1993"]
[Annotator "TA"]
[PlyCount "73"]
[EventDate "2019.10.02"]
[EventType "team-tourn"]
[EventRounds "7"]
[EventCountry "GER"]
[SourceTitle "playchess.com"]
[Source "ChessBase"]
[SourceQuality "1"]
[WhiteTeam "Niedersachsen"]
[BlackTeam "Württemberg"]

{[%evp 13,73,37,39,40,35,46,43,10,56,19,45,45,50,39,86,8,15,12,12,0,0,7,50,45,56,14,30,20,29,17,55,43,32,40,38,33,45,-132,98,116,124,124,114,97,110,0,0,0,0,0,0,0,0,0,0,0,0,0,0,-3,-4,-6]} 1. e4 e5 2. Nf3 Nc6 3. Bc4 Nf6 4. d3 Be7 5. O-O O-O 6. Re1 d6 7. a4 Na5 8. Ba2 {C55: Two Knights: 4 d3, 4 d4 exd4 5 e5 and Max Lange Attack} c5 9. c3 (9. Bd2 Nc6 10. h3 Be6 11. Na3 Bxa2 12. Rxa2 d5 13. exd5 Qxd5 14. Ra1 Rfe8 15. Nb5 Bd8 {0-1 (76) Mamedov,R (2667)-Yu,Y (2784) Hengshui 2019}) 9... Nc6 10. h3 {White is slightly better.} h6 11. d4 cxd4 12. cxd4 exd4 13. Nxd4 d5 14. Nxc6 $146 (14. exd5 $16 Nb4 15. Bb3) ({Predecessor:} 14. exd5 Nb4 15. Bb3 Nfxd5 {1-0 (32) Patrelakis,E (2245)-Malataras,G (1931) Anogia 2019}) 14... bxc6 $11 15. exd5 Nxd5 16. Bxd5 cxd5 17. Be3 f5 18. Nc3 Bb7 19. Bd4 f4 20. Qg4 {[%csl Gd4][%cal Rg4g7]} Rf7 $1 21. Rad1 $36 {[%mdl 2048] White is pushing.} f3 22. g3 Bc8 23. Qh5 Rf5 24. Qg6 {[%csl Gd4][%cal Rg6g7]} Rg5 25. Qc6 $2 (25. Qd3 $14 Bxh3 26. Re5) 25... Bxh3 $2 {[#]} (25... Bd7 $17 26. Qb7 Rb8 27. Qxa7 Bd6) 26. Rxe7 $1 $16 {[%mdl 576] Deflection} Qxe7 27. Qxa8+ {[%mdl 64] Double Attack} Kh7 {White must now prevent ...Bg2.} 28. Nxd5 Qe2 {[#]} 29. Nc3 ({Much weaker is} 29. Ne3 $6 Rxg3+ 30. fxg3 f2+ 31. Kh1 Bg2+ 32. Qxg2 Qh5+ 33. Qh2 Qf3+ 34. Qg2 Qh5+ 35. Qh2 Qf3+ 36. Qg2 Qh5+ $11) ({White must play} 29. Rc1 $1 $16 Rxg3+ 30. Kh2 Rg2+ 31. Kh1) 29... Rxg3+ $1 $11 {The position is equal.} 30. Kh2 Rg2+ 31. Kh1 Rg4 $1 {( -> ...Bg2+)} 32. Nxe2 Bg2+ 33. Kh2 {Bxg7! would kill now.} fxe2 34. Rg1 e1=Q $1 {[%cal Re1e6]} (34... Bxa8 $2 {too greedy.} 35. Rxg4 g5 36. Rg1 $18) 35. Rxe1 {Threatening mate with Qf8.} Bxa8 36. Bxa7 Rxa4 37. Bc5 {Accuracy: White = 40%, Black = 46%.} 1/2-1/2

[Event "-chT Youth Countries 2019"]
[Site "Wuerzburg"]
[Date "2019.10.05"]
[Round "6.4"]
[White "Lutz, Ruben"]
[Black "Riegel, Arinna"]
[Result "1-0"]
[WhiteElo "2112"]
[BlackElo "1894"]
[Annotator "TA"]
[PlyCount "139"]
[EventDate "2019.10.02"]
[EventType "team-tourn"]
[EventRounds "7"]
[EventCountry "GER"]
[SourceTitle "playchess.com"]
[Source "ChessBase"]
[SourceQuality "1"]
[WhiteTeam "Sachsen"]
[BlackTeam "Baden 1"]

{[%evp 24,147,-5,-5,-7,-16,-6,-15,-10,-14,0,-2,-3,-2,-1,-2,-10,-10,-11,-28,0,-14,-6,-12,6,-14,0,0,10,-23,-18,-23,8,6,29,12,57,8,18,0,42,42,36,42,52,26,26,26,33,0,0,0,65,34,72,72,106,46,84,60,91,87,97,2,90,93,137,137,137,137,330,278,497,475,435,382,498,497,449,439,535,527,488,449,326,318,318,318,317,297,313,309,285,277,277,277,1189,1120,1062,1034,5716,5217,29974,29975,29975,29976,29975,29976,29975,29970,29977,29979,29985,29986,29986,29987,29987,29987,29988,29989,29989,29990,29991,29992,29993,29994]} 1. d4 d5 2. c4 e6 3. Nc3 Be7 4. cxd5 exd5 5. Nf3 Nf6 6. Bg5 c6 7. Qc2 g6 8. e3 Bf5 9. Bd3 Bxd3 10. Qxd3 Nbd7 11. O-O O-O 12. h3 Re8 13. Bf4 Nb6 {D36: Queen's Gambit Declined: Exchange Variation: Main line (5 Bg5 c6 6 Qc2)} (13... Bf8 14. Ne5 Bg7 15. Bh2 Nxe5 16. Bxe5 Ne4 17. Bxg7 Kxg7 18. Nxe4 Rxe4 19. b4 a6 20. a4 Qd6 21. b5 {½-½ (34) Bu,X (2723)-Wei,Y (2696) Wuxi 2016}) 14. Ne5 Nfd7 15. Nxd7 $146 ({Predecessor:} 15. b3 Nf8 16. Qd2 Ne6 17. Bh2 Bd6 18. Nd3 Bxh2+ 19. Kxh2 Nc8 20. Na4 Nd6 21. Nac5 {0-1 (41) Anino,S (2226)-Valerga,D (2485) Mar del Plata 2012}) 15... Qxd7 {The position is equal.} 16. Rab1 Nc8 17. Na4 {[%cal Bc3a4,Ba4c5,Bc5d3,Bd3e5][%mdl 32]} Bd6 18. Nc5 Qe7 19. Bxd6 Nxd6 20. Rfc1 f5 21. Rc2 Rec8 22. Qd1 Rc7 23. Nd3 Re8 24. Ne5 Nf7 25. Nd3 Nd6 26. Qf3 Qe4 27. Qxe4 Nxe4 28. b4 a6 29. a4 Nd6 30. Ne5 (30. b5 $5) 30... Rec8 31. Rbc1 Nf7 (31... g5 {is more complex.} 32. g4 Rf8 33. gxf5 Rxf5 34. Kf1 Re7) 32. Nxf7 Kxf7 $14 {[%mdl 4096] Endgame KRR-KRR} 33. h4 Ke6 34. Kh2 Kd6 35. Kg3 Re8 36. b5 axb5 37. axb5 Ra8 (37... Re4 $11) 38. bxc6 bxc6 39. Kf4 Re8 40. f3 ({White should play} 40. Kg5 $16) 40... Ree7 41. Rc3 Rf7 42. Ra3 Rc8 43. Ra6 (43. Rca1 $16) 43... Rfc7 (43... h6 $1 $11 {keeps the balance.}) 44. h5 $16 Ke6 45. hxg6 hxg6 46. Kg5 Kf7 $2 (46... Kd6 $16 47. Rc3 Re8) 47. Rh1 $18 Rg8 $2 (47... Ke6 48. Rh6 Rg7) 48. Rh7+ Rg7 49. Rh8 Ke7 50. Raa8 Kd6 51. Rad8+ Rcd7 52. Rxd7+ Kxd7 {KR-KR} 53. Ra8 {And now Ra7+ would win.} Kd6 {Black hopes to continue with ...Re7.} 54. Kf6 Rb7 55. Rd8+ ({Not} 55. Kxg6 Rb2 $16) 55... Kc7 56. Re8 {Strongly threatening Re7+.} Rb2 57. Kxg6 f4 {[#]} 58. Kf5 $1 (58. exf4 Rxg2+ 59. Kf6 Rd2 $16) 58... fxe3 {[#] Hoping for ...e2.} 59. g4 $1 ({Worse is} 59. Rxe3 Rxg2 60. f4 Kd6 $11) 59... e2 $2 (59... Re2 60. Re7+ Kb6) 60. g5 Kd7 61. Re5 Rd2 62. g6 Rxd4 63. Rxe2 {White mates.} ({Less strong is} 63. g7 Re4 $18) 63... Rb4 64. g7 Rb8 65. Rg2 Rg8 66. Kf6 c5 67. Kf7 Rxg7+ 68. Kxg7 {KR-KPP} d4 69. f4 c4 {[#]} 70. f5 {Played: Rg2-d2} 1-0

[Event "-chT Youth Countries 2019"]
[Site "Wuerzburg"]
[Date "2019.10.05"]
[Round "6.4"]
[White "Bakiev, Diyor"]
[Black "Jacoby, Angelina"]
[Result "1-0"]
[WhiteElo "2088"]
[BlackElo "1635"]
[Annotator "NA"]
[PlyCount "87"]
[EventDate "2019.10.02"]
[EventType "team-tourn"]
[EventRounds "7"]
[EventCountry "GER"]
[SourceTitle "playchess.com"]
[Source "ChessBase"]
[SourceQuality "1"]
[WhiteTeam "Hessen"]
[BlackTeam "Brandenburg/Berlin"]
[TimeControl "40/5400+30:1800+30"]

1. e4 {[%emt 0:00:00]} c6 {[%emt 0:00:00]} 2. d4 {[%emt 0:00:00]} d5 {[%emt 0:00:00]} 3. exd5 {[%emt 0:00:00]} cxd5 {[%emt 0:00:12]} 4. c4 {[%emt 0:00:16]} Nf6 {[%emt 0:01:35]} 5. Nc3 {[%emt 0:00:29]} Nc6 {[%emt 0:00:27]} 6. Bg5 {[%emt 0:01:25]} dxc4 {[%emt 0:08:42]} 7. d5 {[%emt 0:00:28]} Ne5 {[%emt 0:01:05]} 8. Qd4 {[%emt 0:00:42] unterminated} Nd3+ {[%emt 0:05:46]} 9. Bxd3 {[%emt 0:00:11]} cxd3 {[%emt 0:00:05] unterminated} 10. Qxd3 {[%emt 0:10:56] unterminated} Qb6 {[%emt 0:09:55]} 11. Nf3 {[%emt 0:07:16]} g6 {[%emt 0:04:39]} 12. d6 {[%emt 0:47:31]} Bf5 {[%emt 0:11:49]} 13. Qb5+ {[%emt 0:01:13]} Qxb5 {[%emt 0:01:04]} 14. Nxb5 {[%emt 0:00:06]} Nd5 {[%emt 0:03:40]} 15. Rd1 {[%emt 0:07:24]} a6 {[%emt 0:00:59]} 16. Nc7+ {[%emt 0:11:11]} Nxc7 {[%emt 0:01:03]} 17. dxc7 {[%emt 0:00:01]} f6 {[%emt 0:01:49] unterminated} 18. Be3 {[%emt 0:01:24]} e5 {[%emt 0:01:39]} 19. O-O {[%emt 0:01:08] unterminated} Bb4 {[%emt 0:06:28] unterminated} 20. Bb6 {[%emt 0:01:49] unterminated} Kf7 {[%emt 0:07:33]} 21. a3 {[%emt 0:00:36] unterminated} Be7 {[%emt 0:00:37]} 22. b4 {[%emt 0:02:29] unterminated} Be4 {[%emt 0:07:42]} 23. Nd2 {[%emt 0:01:48]} Bc6 {[%emt 0:01:17]} 24. Rc1 {[%emt 0:01:19]} Rac8 {[%emt 0:04:40]} 25. Nc4 {[%emt 0:00:48]} Bb5 {[%emt 0:00:53]} 26. Rfd1 {[%emt 0:00:11]} Bxc4 {[%emt 0:01:59]} 27. Rxc4 {[%emt 0:00:02]} Ke6 {[%emt 0:00:16]} 28. a4 {[%emt 0:01:15] unterminated} Bd6 {[%emt 0:01:36]} 29. b5 {[%emt 0:00:13] unterminated} axb5 {[%emt 0:07:45]} 30. axb5 {[%emt 0:00:01]} Ra8 $18 {[%emt 0:00:21]} 31. Be3 {[%emt 0:00:47]} Rhc8 {[%emt 0:00:46]} 32. b6 {[%emt 0:00:08]} Ra6 {[%emt 0:01:35]} 33. g3 {[%emt 0:00:30]} g5 {[%emt 0:00:46]} 34. Kg2 {[%emt 0:00:55]} h6 {[%emt 0:00:18]} 35. g4 {[%emt 0:00:50]} Ra5 {[%emt 0:02:55]} 36. Rc3 {[%emt 0:01:51]} Raa8 {[%emt 0:01:58]} 37. Rcd3 {[%emt 0:00:25]} Be7 {[%emt 0:00:40]} 38. Rd5 {[%emt 0:00:38]} Re8 {[%emt 0:02:11]} 39. Bc5 {[%emt 0:00:35]} Bxc5 {[%emt 0:01:44]} 40. Rxc5 {[%emt 0:00:01]} Ke7 {[%emt 0:00:20]} 41. Rcd5 {[%emt 0:30:12]} Rec8 {[%emt 0:07:31]} 42. Rd7+ {[%emt 0:00:00]} Ke8 {[%emt 0:00:41]} 43. Rh7 {[%emt 0:00:00]} Kf8 {[%emt 0:01:35]} 44. Rd6 {[%emt 0:00:00] normal} 1-0

[Event "-chT Youth Countries 2019"]
[Site "Wuerzburg"]
[Date "2019.10.05"]
[Round "6.4"]
[White "Gutkin, Ilya"]
[Black "Boder, Jan"]
[Result "1/2-1/2"]
[WhiteElo "2047"]
[BlackElo "2087"]
[Annotator "NA"]
[PlyCount "124"]
[EventDate "2019.10.02"]
[EventType "team-tourn"]
[EventRounds "7"]
[EventCountry "GER"]
[SourceTitle "playchess.com"]
[Source "ChessBase"]
[SourceQuality "1"]
[WhiteTeam "Nordrhein-Westfalen"]
[BlackTeam "Rheinland-Pfalz"]
[TimeControl "40/5400+30:1800+30"]

1. Nf3 {[%emt 0:00:00]} c5 {[%emt 0:00:00]} 2. b3 {[%emt 0:00:00]} Nc6 {[%emt 0:00:09]} 3. Bb2 {[%emt 0:00:00]} d5 {[%emt 0:00:21]} 4. e3 {[%emt 0:01:27]} a6 {[%emt 0:00:17]} 5. d4 {[%emt 0:01:38]} cxd4 {[%emt 0:00:15] unterminated} 6. exd4 {[%emt 0:03:58]} Nf6 {[%emt 0:00:13]} 7. a3 {[%emt 0:04:41]} g6 {[%emt 0:00:45]} 8. Bd3 {[%emt 0:01:20]} Bg7 {[%emt 0:00:15]} 9. Nbd2 {[%emt 0:00:27]} O-O {[%emt 0:01:09]} 10. O-O {[%emt 0:00:35] unterminated} Nh5 {[%emt 0:06:48] unterminated} 11. Re1 {[%emt 0:08:52] unterminated} Nf4 {[%emt 0:04:32] unterminated} 12. Bf1 {[%emt 0:02:54]} Bf5 {[%emt 0:02:14] unterminated} 13. Ne5 {[%emt 0:20:31] unterminated} Rc8 {[%emt 0:07:39]} 14. Rc1 {[%emt 0:00:15] unterminated} Nxe5 {[%emt 0:07:59]} 15. dxe5 {[%emt 0:00:06] unterminated} Bh6 {[%emt 0:00:19] unterminated} 16. Bd4 {[%emt 0:26:38] unterminated} Qa5 {[%emt 0:15:08] unterminated} 17. Be3 {[%emt 0:07:29] [#] unterminated} d4 $1 {[%emt 0:01:30]} 18. Bxf4 {[%emt 0:04:49]} Bxf4 {[%emt 0:00:16]} 19. Nc4 {[%emt 0:00:03]} Qd8 {[%emt 0:00:17]} 20. Nd2 {[%emt 0:04:51]} Qc7 {[%emt 0:01:57]} 21. g3 {[%emt 0:02:03]} Bxe5 {[%emt 0:03:29]} 22. Bd3 {[%emt 0:00:13]} Be6 {[%emt 0:03:09]} 23. Qf3 {[%emt 0:00:50]} Bg7 {[%emt 0:00:59]} 24. a4 {[%emt 0:00:59]} Qd7 {[%emt 0:00:41]} 25. Nc4 {[%emt 0:01:01]} Bxc4 {[%emt 0:02:57]} 26. Bxc4 {[%emt 0:00:05]} e5 {[%emt 0:00:13]} 27. Re2 {[%emt 0:01:57]} Kh8 {[%emt 0:00:33]} 28. Qg2 {[%emt 0:01:58]} f5 {[%emt 0:00:13]} 29. f3 {[%emt 0:00:06]} Bh6 {[%emt 0:02:41]} 30. Rd1 {[%emt 0:00:34]} b5 {[%emt 0:00:38]} 31. axb5 {[%emt 0:00:31]} axb5 {[%emt 0:00:04]} 32. Bd3 {[%emt 0:00:05]} Be3+ {[%emt 0:00:09] unterminated} 33. Kh1 {[%emt 0:00:32]} Qc6 {[%emt 0:00:10] unterminated} 34. g4 {[%emt 0:01:23]} Rce8 {[%emt 0:03:17]} 35. Rf1 {[%emt 0:00:07]} fxg4 {[%emt 0:00:54]} 36. Be4 {[%emt 0:01:40]} Qe6 {[%emt 0:00:54]} 37. fxg4 {[%emt 0:00:13]} Rxf1+ {[%emt 0:01:51]} 38. Qxf1 {[%emt 0:00:05]} Kg7 {[%emt 0:00:05]} 39. Rg2 {[%emt 0:02:16] unterminated} b4 {[%emt 0:03:02]} 40. Qb5 {[%emt 0:02:15]} Rf8 {[%emt 0:00:18] unterminated} 41. Rg3 {[%emt 0:09:47] unterminated} Rf4 $17 {[%emt 0:08:43]} 42. Qb7+ {[%emt 0:07:52]} Qf7 {[%emt 0:01:48]} 43. Qxf7+ {[%emt 0:00:12]} Rxf7 {[%emt 0:00:08]} 44. Rf3 {[%emt 0:01:01]} Bf4 {[%emt 0:00:07]} 45. Rf1 {[%emt 0:00:54]} Ra7 {[%emt 0:00:16]} 46. Kg2 {[%emt 0:00:44]} Kf6 {[%emt 0:00:10]} 47. h3 {[%emt 0:00:38]} Ke6 {[%emt 0:00:09]} 48. Kf3 {[%emt 0:00:28]} Rc7 {[%emt 0:02:14]} 49. Ra1 {[%emt 0:00:58]} Kf6 {[%emt 0:09:12]} 50. h4 {[%emt 0:04:09]} Kg7 {[%emt 0:00:04]} 51. Ra6 {[%emt 0:01:37]} Rf7 {[%emt 0:01:22]} 52. Bd5 {[%emt 0:00:49]} Rf8 {[%emt 0:01:15]} 53. Ra7+ {[%emt 0:00:26]} Kh8 {[%emt 0:00:46]} 54. Ra8 {[%emt 0:00:26]} Rxa8 {[%emt 0:00:23]} 55. Bxa8 {[%emt 0:00:06]} Kg7 {[%emt 0:00:04]} 56. h5 {[%emt 0:00:31]} gxh5 {[%emt 0:00:13]} 57. gxh5 {[%emt 0:00:04]} Kf6 {[%emt 0:00:28]} 58. Kg4 {[%emt 0:00:15]} Ke6 {[%emt 0:00:40]} 59. Be4 {[%emt 0:00:06]} h6 {[%emt 0:00:10]} 60. Bd3 {[%emt 0:01:35]} Kd5 {[%emt 0:01:05]} 61. Kf5 {[%emt 0:00:04]} Kc5 {[%emt 0:00:26]} 62. Ke4 {[%emt 0:00:57]} Kd6 {normal} 1/2-1/2

[Event "-chT Youth Countries 2019"]
[Site "Wuerzburg"]
[Date "2019.10.05"]
[Round "6.4"]
[White "Franke, Luca"]
[Black "Muller, Magnus"]
[Result "0-1"]
[WhiteElo "1872"]
[BlackElo "1478"]
[Annotator "NA"]
[PlyCount "50"]
[EventDate "2019.10.02"]
[EventType "team-tourn"]
[EventRounds "7"]
[EventCountry "GER"]
[SourceTitle "playchess.com"]
[Source "ChessBase"]
[SourceQuality "1"]
[WhiteTeam "Team Süd"]
[BlackTeam "Thüringen"]
[TimeControl "40/5400+30:1800+30"]

1. d4 {[%emt 0:00:00]} Nf6 {[%emt 0:00:00]} 2. c4 {[%emt 0:00:00]} e6 {[%emt 0:00:00]} 3. g3 {[%emt 0:00:00]} d5 {[%emt 0:00:00]} 4. Nf3 {[%emt 0:00:00]} Be7 {[%emt 0:00:00]} 5. Bg2 {[%emt 0:00:05]} O-O {[%emt 0:00:00]} 6. O-O {[%emt 0:00:20]} dxc4 {[%emt 0:00:02]} 7. Qc2 {[%emt 0:00:14]} c6 {[%emt 0:00:54]} 8. Qxc4 {[%emt 0:00:19]} b5 {[%emt 0:00:05]} 9. Qc2 {[%emt 0:00:24]} Bb7 {[%emt 0:00:04]} 10. Nbd2 {[%emt 0:02:21]} Nbd7 {[%emt 0:00:38]} 11. Nb3 {[%emt 0:00:11]} Qb6 {[%emt 0:02:04]} 12. Bd2 {[%emt 0:02:06]} Rac8 {[%emt 0:03:23]} 13. Na5 {[%emt 0:00:34]} c5 {[%emt 0:06:50]} 14. Nxb7 {[%emt 0:01:47]} Qxb7 {[%emt 0:00:06]} 15. dxc5 {[%emt 0:19:43]} Nxc5 {[%emt 0:01:57]} 16. b4 {[%emt 0:03:06]} Nce4 {[%emt 0:01:26]} 17. Qb2 {[%emt 0:14:06]} Nd5 {[%emt 0:04:30]} 18. Rac1 {[%emt 0:00:56]} Nd6 {[%emt 0:03:40]} 19. Rfd1 {[%emt 0:09:48]} Qb6 {[%emt 0:14:21]} 20. a3 {[%emt 0:08:22]} Bf6 {[%emt 0:00:48]} 21. Qb3 {[%emt 0:02:25]} Ne4 {[%emt 0:00:38]} 22. e3 {[%emt 0:12:16]} Nxd2 {[%emt 0:01:41]} 23. Nxd2 {[%emt 0:01:06]} Nc3 {[%emt 0:00:06]} 24. Re1 {[%emt 0:02:00]} Ne2+ {[%emt 0:01:20]} 25. Rxe2 {[%emt 0:00:25]} Rxc1+ {[%emt 0:00:04] normal} 0-1

[Event "-chT Youth Countries 2019"]
[Site "Wuerzburg"]
[Date "2019.10.05"]
[Round "6.4"]
[White "Hecht, Jonas Christian"]
[Black "Ravina, David"]
[Result "1/2-1/2"]
[WhiteElo "1775"]
[BlackElo "2087"]
[Annotator "NA"]
[PlyCount "42"]
[EventDate "2019.10.02"]
[EventType "team-tourn"]
[EventRounds "7"]
[EventCountry "GER"]
[SourceTitle "playchess.com"]
[Source "ChessBase"]
[SourceQuality "1"]
[WhiteTeam "Baden 2"]
[BlackTeam "Hamburg/Schleswig-Holstein"]
[TimeControl "40/5400+30:1800+30"]

1. c4 {[%emt 0:00:00]} Nf6 {[%emt 0:00:10]} 2. Nc3 {[%emt 0:00:00]} e6 {[%emt 0:00:05]} 3. Nf3 {[%emt 0:02:55]} d5 {[%emt 0:04:03]} 4. e3 {[%emt 0:00:06]} c6 {[%emt 0:00:57]} 5. b3 {[%emt 0:00:24]} Bd6 {[%emt 0:00:20]} 6. Be2 {[%emt 0:00:30]} O-O {[%emt 0:01:17]} 7. O-O {[%emt 0:03:08]} Nbd7 {[%emt 0:01:53]} 8. Bb2 {[%emt 0:00:33]} a6 {[%emt 0:04:41]} 9. d4 {[%emt 0:01:36]} Ne4 {[%emt 0:02:33]} 10. cxd5 {[%emt 0:05:01]} exd5 {[%emt 0:01:25]} 11. Nxe4 {[%emt 0:01:43]} dxe4 {[%emt 0:00:16]} 12. Ne5 {[%emt 0:00:08]} Re8 {[%emt 0:11:22]} 13. Bc4 {[%emt 0:04:44]} Nxe5 {[%emt 0:07:35]} 14. dxe5 {[%emt 0:01:06]} Bc5 {[%emt 0:03:25]} 15. Qh5 {[%emt 0:01:43]} Qe7 {[%emt 0:03:11]} 16. e6 {[%emt 0:01:33]} f6 {[%emt 0:02:56]} 17. Rad1 {[%emt 0:08:22]} b5 {[%emt 0:01:42]} 18. Rd7 {[%emt 0:01:22]} Bxd7 {[%emt 0:00:07]} 19. exd7+ {[%emt 0:00:07]} bxc4 {[%emt 0:00:04]} 20. dxe8=Q+ {[%emt 0:00:13]} Rxe8 {[%emt 0:00:14]} 21. bxc4 {[%emt 0:00:13]} Rd8 {[%emt 0:05:36] normal} 1/2-1/2